000
00306nam a2200121Ia 4500
008
210430s9999 xx 000 0 und d
082
_a
530H1571 F
100
_a
Halliday
_9
19457
245
_a
Fundametals OF Physics
_c
Halliday
260
_a
New York
_b
john wiley
_c
2003
300
_a
504p
942
_c
BK
_2
ddc
999
_c
565978
_d
565978